Estatísticas para Bandeiras dos Estados do Brasil

Clique aqui para jogar o quiz

Estatísticas Gerais

  • Esse quiz foi jogado 329 vezes
  • A pontuação média é 18 de 26

Estatísticas das Respostas

Bandeira Estado % Correto
São Paulo
94%
Minas Gerais
90%
Pernambuco
87%
Paraíba
85%
Rio de Janeiro
85%
Rio Grande do Sul
84%
Paraná
78%
Santa Catarina
77%
Espírito Santo
77%
Acre
77%
Pará
72%
Bahía
71%
Maranhão
69%
Ceará
65%
Roraima
64%
Mato Grosso
63%
Amazonas
62%
Piauí
61%
Tocantins
60%
Rondônia
59%
Mato Grosso do Sul
59%
Alagoas
59%
Amapá
57%
Sergipe
57%
Rio Grande do Norte
56%
Goiás
52%

Distribuição das Pontuações

Percentil de Números Respondidos

Porcentagem de Pessoas com Cada Pontuação

Sua Pontuação Histórica

Você não jogou esse quiz